000 00653nam a2200169Ia 4500
008 110201s9999 xx 000 0 und d
082 _bB7528
_aBAL 2037
100 _aगुर्जरपाध्ये शीला
245 _aसुवर्णमहोत्सवी सलाम
260 _bपृथ्वी प्रकाशन
365 _b20
600 _aगुर्जरपाध्ये शीला
630 _aसुवर्णमहोत्सवी सलाम
700 _aगुर्जरपाध्ये शीला
730 _aसुवर्णमहोत्सवी सलाम
942 _cBOOK
999 _c833047
_d833044